Central Library OPAC University of Rajshahi

Introduction to electrochemistry / (Record no. 67615)

MARC details
000 -LEADER
fixed length control field 00653nam a2200229 a 4500
001 - CONTROL NUMBER
control field 67615
003 - CONTROL NUMBER IDENTIFIER
rucl marc code BD-RjUL
005 - DATE AND TIME OF LATEST TRANSACTION
control field 20211209081656.0
008 - FIXED-LENGTH DATA ELEMENTS--GENERAL INFORMATION
fixed length control field 170327s1967 us 001 0 eng
035 ## - SYSTEM CONTROL NUMBER
System control number (BD-RjUL)67746
040 ## - CATALOGING SOURCE
Original cataloging agency DLC
Transcribing agency OFiC
Modifying agency BD-RjUL
Language of cataloging eng
041 ## - LANGUAGE CODE
Language code of text/sound track or separate title eng
082 ## - DEWEY DECIMAL CLASSIFICATION NUMBER
Classification number 541.37
Edition number 23
Author mark and year LYI 1967
100 1# - MAIN ENTRY--PERSONAL NAME
Personal name Lyons, Ernest Herbert,
Dates associated with a name 1908-
9 (RLIN) 200338
245 10 - TITLE STATEMENT
Title Introduction to electrochemistry /
Statement of responsibility, etc. Ernest H. Lyons, Jr.
260 ## - PUBLICATION, DISTRIBUTION, ETC. (IMPRINT)
Place of publication, distribution, etc. Boston :
Name of publisher, distributor, etc. Heath,
Date of publication, distribution, etc. 1967.
300 ## - PHYSICAL DESCRIPTION
Pagination iv, 123 p. :
Illustrations ill. ;
Size 21 cm.
504 ## - BIBLIOGRAPHY, ETC. NOTE
Bibliography, etc Includes index bibliography
650 #0 - SUBJECT ADDED ENTRY--TOPICAL TERM
Topical term or geographic name as entry element Electrochemistry.
9 (RLIN) 200339
942 ## - ADDED ENTRY ELEMENTS (KOHA)
Source of classification or shelving scheme Dewey Decimal Classification
Koha item type Books
Holdings
Lost status Source of classification or shelving scheme Damaged status Not for loan Collection code Permanent Location Current Location Shelving location Date acquired Source of acquisition Total Checkouts Full call number Date last seen Copy number Koha item type
  Dewey Decimal Classification   Not For Loan Non-fiction Central Library, University of Rajshahi Central Library, University of Rajshahi Reading Room 01/11/1990 Canada   541.37 LYI 1967 27/03/2017 C-1 Books